000 00707nam a22002537a 4500
001 BR9600089
003 BR-BrBNA
005 20230928094917.0
007 ta
008 230509b bl.||||| |||| 00| 0 por d
040 _aBR-BrBNA
_bpor
_cBiblioteca Nacional de Agricultura
041 _a(Por)
072 _aC20; E14
090 _ C20 BR9600089
110 1 _aEmpresa de Assistencia Tecnica e Extensao Rural, Goiania, GO (Brasil)
_94062
245 1 _aPrograma de articulacao operacional
260 3 _aGoiania, GO (Brasil):
_c1984.
300 _a25 p.
650 _aExtensao Rural
650 _aAssistencia Tecnica
650 _aPlanejamento
909 _a202309
_bLucia
_c55
_dLucia Elande
942 _cBK
999 _c53380
_d53380